| 000 | 00918nam a2200241 4500 | ||
|---|---|---|---|
| 001 | 178761 | ||
| 003 | ES-MaACL | ||
| 005 | 20250911062851.0 | ||
| 008 | 110617s2009 sp |||| | spa d | ||
| 020 | _a978-84-9895-737-2 | ||
| 080 | _a821.133.1-14"18" | ||
| 100 | 1 |
_aBaudelaire, Charles. _926513 |
|
| 245 | 1 | 0 |
_aMi corazón al desnudo y otros papeles íntimos / _cCharles Baudelaire ; traducción, prólogo y notas de Antonio Martínez Sarrión. |
| 260 |
_aMadrid : _bVisor Libros, _c[2009] |
||
| 300 |
_a175 p. ; _c20 cm. |
||
| 490 | 1 |
_aColección Visor de poesía ; _v737 |
|
| 546 | _aTexto en francés y traducción en español. | ||
| 700 | 0 |
_aMartínez Sarrión, Antonio, _d1939-2021 _978419 |
|
| 830 | 0 |
_aColección Visor de poesía _v737 _9177331 |
|
| 852 |
_aES-MaACL _jA-11289 _9185622 _bR.145622 _cDEPO1 _dOlim: N-4293 |
||
| 942 |
_2udc _cMONOGRAFIA |
||
| 999 |
_c178761 _d178761 |
||